书目信息 |
| 题名: |
分配管理学
|
|
| 作者: | 张玉周 编著 | |
| 分册: | ||
| 出版信息: | 北京 中国人民大学出版社 2004 |
|
| 页数: | 12,309页 | |
| 开本: | 23cm | |
| 丛书名: | ||
| 单 册: | ||
| 中图分类: | F275.4 | |
| 科图分类: | ||
| 主题词: | 企业管理--收入分配--高等学校--教材 , 企业管理 | |
| 电子资源: | ||
| ISBN: | 7-300-04473-5 | |
| 000 | 00881nam0 2200265 450 | |
| 000 | 00918nam0 2200265 450 | |
| 000 | 00849nam0 2200241 450 | |
| 000 | 00813oam2 2200229 45 | |
| 005 | 20070725131410.48 | |
| 010 | @a7-300-04473-5@dCNY21.00 | |
| 100 | @a20070719d2004 em y0chiy0120 ea | |
| 101 | 0 | @achi |
| 102 | @aCN@b110000 | |
| 105 | @ay z 000yy | |
| 200 | 1 | @a分配管理学@AFen Pei Guan Li Xue@f张玉周编著@FZhang Yu Zhou Bian Zhu |
| 210 | @a北京@c中国人民大学出版社@d2004 | |
| 215 | @a12,309页@d23cm | |
| 300 | @a21世纪财务管理系列教材 | |
| 330 | @a本书首先阐述企业分配的基本问题,阐述了企业收入管理及企业收益管理,并阐述各个分配参与者与企业分配的几方面内容。 | |
| 606 | 0 | @a企业管理@x收入分配@x高等学校@j教材 |
| 606 | 0 | @a企业管理 |
| 690 | @aF275.4@v4 | |
| 701 | 0 | @a张玉周@AZhang Yu Zhou@4编著 |
| 801 | 0 | @aCN@bTAOJIN@c20070725 |
| 905 | @a10447@dF275.4@e649 | |
| 分配管理学/张玉周编著.-北京:中国人民大学出版社,2004 |
| 12,309页;23cm |
| 21世纪财务管理系列教材 |
| ISBN 7-300-04473-5:CNY21.00 |
| 本书首先阐述企业分配的基本问题,阐述了企业收入管理及企业收益管理,并阐述各个分配参与者与企业分配的几方面内容。 |
| ● |
| 相关链接 |
|
|
|
|
正题名:分配管理学
索取号:F275.4/649
 
预约/预借
| 序号 | 登录号 | 条形码 | 馆藏地/架位号 | 状态 | 备注 |
| 1 | 0825295 | 208252950 | 第一样本阅览室/ [索取号:F275.4/649] | 在馆 | |
| 2 | 0825296 | 208252969 | 密集书库/ [索取号:F275.4/649] | 在馆 | |
| 3 | 0825297 | 208252978 | 第一借阅区/ [索取号:F275.4/649] | 在馆 | |
| 4 | 0825298 | 208252987 | 第一借阅区/ [索取号:F275.4/649] | 在馆 | |
| 5 | 0825299 | 208252996 | 密集书库/ [索取号:F275.4/649] | 在馆 | |
| 6 | 0825300 | 208253003 | 第一借阅区/ [索取号:F275.4/649] | 在馆 | |
| 7 | 0825301 | 208253012 | 密集书库/ [索取号:F275.4/649] | 在馆 | |
| 8 | 0825302 | 208253021 | 第一借阅区/ [索取号:F275.4/649] | 在馆 |